| 000 | 00594nam a2200193 4500 | ||
|---|---|---|---|
| 001 | 138821 | ||
| 003 | ES-MaACL | ||
| 005 | 20230906195637.0 | ||
| 007 | t| | ||
| 008 | 070214s1978 sp r ||||1| spa d | ||
| 100 | 1 |
_aSantos Santos, Demetrio. _9103533 |
|
| 245 | 1 | 0 |
_aInvestigaciones sobre AstrologĂa / _cDemetrio Santos Santos. |
| 260 |
_aMadrid : _bEd. Nacional, _c1978. |
||
| 300 |
_a1 t. en 2 v. (609, 610, 1096 p.) : _bil. ; _c21 cm. |
||
| 490 | 1 | _aRitmo universitario | |
| 830 | 0 |
_aRitmo universitario _9184521 |
|
| 852 |
_aES-MaACL _jA-9584-5 _bR.98765 |
||
| 999 |
_c138821 _d138821 |
||